00439nam a22001337a 4500008004100000082001600041100004000057245007000097260003600167300003400203600003300237650001600270700001900286150605b xxu||||| |||| 00| 0 eng d a708bB 276a aBarrio de Sousa Lopes, Artur Alipio aUma ideia situacao 2001-2002cBarrio de Sousa Lopes, Artur Alipio aSao PaulobBrasilConnectsc2002 a50 p.bill. (col)c21 x 21 cm aBarrio, Artur xExhibiciones xArte-Brasil aBarrio, Artur